Statistics for Countries Diplomatic Boycotting 2022 Beijing Winter Olympics

Click here to take the quiz!

General Stats

  • This quiz has been taken 43 times
  • The average score is 11 of 17

Answer Stats

ContinentAnswer% Correct
OceaniaAustralia
89%
EuropeGreat Britain
83%
*OceaniaNew Zealand
83%
AmericasUnited States
83%
AmericasCanada
78%
*EuropeSweden
78%
EuropeDenmark
75%
*EuropeSwitzerland
72%
*EuropeAustria
69%
EuropeBelgium
69%
*EuropeNetherlands
69%
AsiaTaiwan
64%
EuropeLithuania
56%
EuropeEstonia
53%
*EuropeSlovenia
44%
*AsiaIndia
39%
EuropeKosovo
22%

Score Distribution

Percentile by Number Answered

Percent of People with Each Score

Your Score History

You have not taken this quiz